El ser y los seres: ensayo de ontología concreta e integral
שמור ב:
| מחבר ראשי: | |
|---|---|
| פורמט: | ספר |
| שפה: | ספרדית |
| יצא לאור: |
Temuco
Universidad Católica de Temuco
2000
|
| נושאים: | |
| תגים: |
הוספת תג
אין תגיות, היה/י הראשונ/ה לתייג את הרשומה!
|
MARC
| LEADER | 00000nam a2200000 a 4500 | ||
|---|---|---|---|
| 001 | UCJ9194 | ||
| 003 | CL-VaPUC | ||
| 008 | 070309e20000000CL |||||||||||||||||spa|d | ||
| 082 | 0 | 4 | |a 110 |b BLO |2 21 |
| 100 | 0 | |a Blondel, Maurice |e author |9 335836 | |
| 245 | 1 | 3 | |a El ser y los seres: ensayo de ontología concreta e integral |
| 300 | |a 232 p | ||
| 942 | |c BK | ||
| 945 | |d 20070309 00:00:00 |a jtorresc | ||
| 260 | |a Temuco |b Universidad Católica de Temuco |c 2000 | ||
| 500 | |a Donación del Dr. Luis Gómez Macker | ||
| 650 | 0 | |a Metafísica |9 265649 | |
| 650 | 0 | |a Ontología |9 256850 | |
| 650 | 0 | |a Teoría del conocimiento |9 255038 | |
| 583 | |a last modification |c 20070309 00:00:00 |k Rodrigo Vera | ||
| 999 | |c 324780 |d 324778 | ||
| 952 | |0 0 |1 0 |4 0 |6 110_000000000000000_BLO_2000 |7 0 |8 A |9 405140 |a FDOPOS |b FDOPOS |d 2019-11-22 |i 4269284 |o 110 BLO 2000 |p 4269284 |r 2025-01-22 |w 2019-11-22 |y BK |k MLA | ||